| 000 | 00547nam a2200181 i 4500 | ||
|---|---|---|---|
| 001 | 39233 | ||
| 003 | ES-MaACL | ||
| 007 | t| | ||
| 008 | 030227s1981 sp ||||1| spa d | ||
| 020 | _a84-376-0283-1 | ||
| 100 |
_aCalvo Serraller, Francisco, _d1948-2018 _9235031 |
||
| 245 | 1 | 3 |
_aLa teoría de la pintura en el siglo de oro / _cFrancisco Calvo Serraller. |
| 260 |
_aMadrid : _bCátedra, _c[1981] |
||
| 300 |
_a699 p. ; _c24 cm. |
||
| 504 | _aBibliografía. | ||
| 852 |
_aES-MaACL _jL-9470 _bR.111271 |
||
| 999 |
_c39233 _d39233 |
||